| 000 | 00325nam a22001337a 4500 | ||
|---|---|---|---|
| 003 | SGT | ||
| 020 | _a978-93-86691-40-8 | ||
| 082 |
_a618.92 _bT17T |
||
| 100 | _aTHIRUNAVUKKARASU, ARUN B. | ||
| 245 | _aTARGET PEDIATRICS SELF ASSESSMENT & REVIEW | ||
| 260 |
_aINDIA _bWOLTERS KLOWER _c2017 |
||
| 300 | _a861 | ||
| 942 |
_2ddc _cBK |
||
| 999 |
_c18236 _d18236 |
||